000 00615nam a2200241Ia 4500
003 OSt
005 20220918164257.0
006 a|||||r|||| 00| 0
007 ta
008 220917b |||||||| |||| 00| 0 eng d
020 _a05212378744
024 _a243,798
037 _cTextual
040 _aARTS
_cARTS
_beng
041 _2eng
_aeng
082 _aG:66, M1
100 _aBirch Charles
_918025
245 0 _aLiberation of life
260 _aCambridge
_bCambridge University Press
_c1981
300 _a353p.
_ccm.
942 _hG:66, M1
_cTEXL
_2CC
999 _c123956
_d123956